02270nam a2200241Ia 4500952011700000952011400117999001700231008004100248020001800289050002700307110002600334245013700360250001700497260003100514300003800545500003300583500012200616505112300738519004501861519004501906650007001951942000702021 00104070a04b04d2011-03-07l3m1oC KGF7643.2 A28 2011p04 003056r2025-09-01s2025-07-31t1w2012-06-24yLB 00104070a04b04d2012-08-27l1oC KGF7643.2 A28 2011p04 001050r2015-10-15s2015-10-15t2w2012-08-27yLB c62679d62679120625s2011 mx rl 001 0 spa d a9786074062007 4aC KGF7643.2 bA28 20111 aMéxico. Leyes, etc.10aAgenda de la Administración Publica del D.F. b : compendio de leyes, reglamentos, y otras disposiciones conexas sobre la materia  a10a. edicion aMéxicob : ISEFc , 2011 a[paginación Variada]c ; 17 cm. a1a. edición enero de 2003  a"Esta edición contiene las disposiciones publicadas hasta la fecha de impresión de este producto (03 enero 2011)" aDisposiciones Constitucionales, Referentes a Distrito Federal (Artículos 27, 31, 44, y 122 de la Constitución) Estatuto de Gobierno del Distrito Federal. Ley Orgánica de la asamblea Legislativa del Distrito Federal. Reglamento para el Gobierno Interior de la Asamblea Legislativa del Distrito Federal. Ley Orgánica de la Administración Publica del Distrito Federal. Ley del Servicio Publico de Carrera de la Administración Publica del Distrito Federal. Ley de Planeación del Desarrollo de Distrito Federal. Ley del desarrollo Metropolitano para el Distrito Federal. Ley de desarrollo Urbano del Distrito Federal y normas. Reglamento de la Ley de Desarrollo Urbano del Distrito Federal. Ley de Publicidad Exterior del Distrito Federal. Ley de Desarrollo social para el Distrito Federal. Ley de fomento a las actividades de Desarrollo Social de las Organizaciones Civiles para el Distrito Federal. Ley del Régimen Patrimonial y del Servicio Publico. Ley de Adquisiciones para el Distrito Federal. Reglamento de la Ley de Adquisiciones para el Distrito Federal. Ley de Obras Publicas del Distrito Federal. aMaterial Complementario / d(04 001050)  aMaterial Complementario / d(04 003056)  4aDERECHO ADMINISTRATIVOvLEYES Y LEGISLACIÓN zMÉXICO (CIUDAD) cLB